000 00622nam a22001937a 4500
003 OSt
005 20180116183041.0
008 160223b xxu||||| |||| 00| 0 eng d
020 _a16-282-97-1
024 _216-282-97-1
040 _cLahore University of Management Sciences
082 _a174.4 LUM 1997
100 _aSIPRA N, HAIDER S I, SHAIQUE T H
245 _aMILAN SURGICAL EQUIPMENT (PVT) LIMITED
_c SIPRA N, HAIDER S I, SHAIQUE T H
260 _aLahore
_bLahore University of Management Sciences
_c1997
300 _a8 p.
_bPapers
440 _aMILAN SURGICAL EQUIPMENT (PVT) LIMITED
942 _2ddc
_cCS
999 _c351256
_d351256